000 00718nam a2200205Ia 4500
003 Ost
005 20260303110511.0
008 260303s9999||||xx |||||||||||||| ||und||
040 _cfsic
041 _aara
082 _a320
100 _aحمادي، عبد الله
_eمؤلف
245 0 _aغابرييل غارسيا ماركيز :
_bرائد الواقعية السخرية /
_cحمادي عبد الله
246 _aGarcia Marquez Elolr de guayaba Conversation Plinio Apuleo Mendoza
260 _aالجزائر :
_bالمؤسسة الوطنية للكتاب ،
_c1883.
300 _a230 صفحة،
_c22 سم.
653 _aغابرييل غارسيا ماركيز
653 _apolitica
942 _cكتاب
999 _c39510
_d39510